000 00699nam a2200289Ia 4500
005 20260324143204.0
008 008 260324s9999 xx 000 0 eng d
020 _a9780203778623
037 _aEBOOK
040 _aCRL
040 _beng
040 _cCRL
041 _2eng
041 _aeng
084 _qCRL
100 _aPeter Kutter
_91160333
245 0 _aPsychoanalysis International, V.1
245 2 _bA Guide to Psychoanalysis Throughout the World
260 _bTaylor and Francis
260 _c1992
365 _a
365 _b76.95
856 _uhttp://www.taylorfrancis.com/books/9780203778623
942 _cEBOOK
999 _c1819819
_d1819819